Sovietski maršali - priebeh a výsledky druhej svetovej vojny

Mladšie generačné skupiny sovietskych povojnových maršalov. Dvaja politickí nominanti medzi maršalmi v 70. rokoch. Štvrtá generačná skupina maršalov ZSSR. Posledný maršal ZSSR - Dmitrij Timofejevič Jazov. Koniec skupiny sovietskych maršalov. Vyznamenania a iné zaujímavosti o maršaloch ZSSR. Soviets...

Full description

Saved in:
Bibliographic Details
Main Author: Škvrnda, František
Format: Book Chapter
Language:Slovak
Subjects:
Tags: Add Tag
No Tags, Be the first to tag this record!

MARC

LEADER 00000nla a2200000 4500
001 0161696
005 20240502072814.5
041 0 |a slo 
044 |a SK 
245 1 0 |a Sovietski maršali - priebeh a výsledky druhej svetovej vojny  |c František Škvrnda 
520 |a Mladšie generačné skupiny sovietskych povojnových maršalov. Dvaja politickí nominanti medzi maršalmi v 70. rokoch. Štvrtá generačná skupina maršalov ZSSR. Posledný maršal ZSSR - Dmitrij Timofejevič Jazov. Koniec skupiny sovietskych maršalov. Vyznamenania a iné zaujímavosti o maršaloch ZSSR. Sovietski maršali a história. 
610 2 0 |a vojny 
610 2 0 |a armáda 
610 2 0 |a vojenstvo 
610 2 0 |a vodcovstvo 
610 2 0 |a história 
610 2 0 |a ZSSR 
100 1 |a Škvrnda, František